[Event "Reykjavik Open 2015"]
[Site "Reykjavik, "]
[Date "2015.03.17"]
[Round "9.57"]
[White "Machado, Eduardo Ribeiro"]
[Black "Poley, Vladimir"]
[Result "0-1"]
[WhiteElo "1818"]
[BlackElo "2269"]
[PlyCount "32"]
[EventDate "2015.03.10"]

1. d4 d5 2. c4 e6 3. Nc3 a6 4. Nf3 dxc4 5. e3 c5 6. Bxc4 Nf6 7. O-O Nbd7 8. e4
b5 9. Bd3 cxd4 10. Nxd4 Ne5 11. Bc2 Bb7 12. f4 Bc5 13. Nce2 Nc6 14. Be3 Ng4 15.
Nxc6 Bxe3+ 16. Kh1 Qxd1 0-1

[Event "Reykjavik Open 2015"]
[Site "Reykjavik, "]
[Date "2015.03.17"]
[Round "9.59"]
[White "Thorhallsson, Simon"]
[Black "Haug, Johannes"]
[Result "0-1"]
[WhiteElo "2009"]
[BlackElo "2339"]
[PlyCount "78"]
[EventDate "2015.03.10"]

1. d4 Nf6 2. c4 e6 3. Nc3 Bb4 4. e3 O-O 5. Nge2 d5 6. a3 Bd6 7. c5 Be7 8. b4 b6
9. Nf4 c6 10. Nd3 a5 11. Bb2 Ba6 12. Be2 Nbd7 13. f4 Qc7 14. O-O Rfb8 15. Qc2
Ne4 16. Nxe4 dxe4 17. Nf2 Bxe2 18. Qxe2 f5 19. Qc4 Kf7 20. g4 g6 21. g5 h6 22.
Nxe4 b5 23. Qb3 hxg5 24. d5 exd5 25. Nxg5+ Bxg5 26. fxg5 Re8 27. Rae1 Re4 28.
Rf3 Rg4+ 29. Kh1 Rh4 30. Qc2 Kg8 31. Re2 Re8 32. Rxf5 gxf5 33. Qxf5 Nf8 34. Rf2
Qe7 35. Rf3 Rh5 36. Qg4 Rxg5 37. Qd4 Ng6 38. Rh3 Qe4+ 39. Qxe4 Rxe4 0-1

[Event "Reykjavik Open2015"]
[Site "Harpa"]
[Date "2015.03.17"]
[Round "9.26"]
[White "Cummings, David H"]
[Black "Brunello, Sabino"]
[Result "0-1"]
[WhiteElo "2345"]
[BlackElo "2540"]
[PlyCount "84"]
[EventDate "2015.??.??"]

1. d4 Nf6 2. c4 e6 3. Nc3 Bb4 4. e3 O-O 5. Nge2 Re8 6. a3 Bf8 7. Ng3 d5 8. Bd3
c5 9. dxc5 dxc4 10. Bxc4 Qxd1+ 11. Kxd1 Bxc5 12. b4 Be7 13. Bb2 Nbd7 14. Ke2
Nb6 15. Bd3 Bd7 16. Rac1 Rec8 17. Nce4 Nxe4 18. Nxe4 a5 19. Bd4 Nd5 20. bxa5
Rxc1 21. Rxc1 Rxa5 22. Nc5 Bc6 23. a4 Bxc5 24. Rxc5 Rxa4 25. Kd2 f6 26. g3 Kf7
27. Bb2 h6 28. h4 Ke7 29. e4 Nb4 30. Rc4 Nxd3 31. Rxa4 Nxb2 32. Rb4 Na4 33. e5
fxe5 34. Rg4 Kf7 35. Rc4 Nb6 36. Rc5 Nd5 37. Rc1 Nf6 38. Ke3 Ng4+ 39. Ke2 e4
40. Rc3 Kf6 41. Rc5 Bd5 42. Rc7 b5 0-1

[Event "Reykjavik Open 2015"]
[Site "Reykjavik, "]
[Date "2015.03.17"]
[Round "9.63"]
[White "Zhou, Qiyu"]
[Black "Vigdal, Per Kr"]
[Result "1/2-1/2"]
[WhiteElo "2182"]
[BlackElo "1985"]
[PlyCount "66"]
[EventDate "2015.03.10"]

1. d4 Nf6 2. Nf3 e6 3. e3 d5 4. Bd3 c5 5. b3 Qc7 6. Bb2 c4 7. bxc4 dxc4 8. Be2
Nbd7 9. c3 b5 10. a4 b4 11. O-O a5 12. Nbd2 Ba6 13. e4 Be7 14. Ne1 b3 15. f4
Nb6 16. f5 e5 17. dxe5 Qxe5 18. Nef3 Qc5+ 19. Nd4 Rd8 20. N2xb3 cxb3 21. Bxa6
O-O 22. Qxb3 Rb8 23. Ba3 Qc7 24. Bxe7 Qxe7 25. Rfe1 Nbd7 26. Qc2 Ne5 27. Kh1
Qc7 28. Rab1 Neg4 29. Nf3 Rxb1 30. Rxb1 Nxe4 31. Rf1 Nc5 32. Qe2 Nxa6 33. Qxa6
Qxc3 1/2-1/2

[Event "Reykjavik Open 2015"]
[Site "Reykjavik, "]
[Date "2015.03.17"]
[Round "9.67"]
[White "Baldvinsson, Loftur"]
[Black "Hardarson, Jon Trausti"]
[Result "0-1"]
[WhiteElo "1945"]
[BlackElo "2170"]
[PlyCount "86"]
[EventDate "2015.03.10"]

1. e4 e5 2. Nf3 Nc6 3. c3 d5 4. Bb5 dxe4 5. Nxe5 Qd5 6. Qa4 Nge7 7. Nxc6 Nxc6
8. O-O Bd7 9. Re1 O-O-O 10. c4 Qd4 11. Nc3 Bc5 12. Re3 f5 13. b4 Nxb4 14. Bxd7+
Rxd7 15. Rb1 Qxc4 16. a3 Bxe3 17. Rxb4 Bxf2+ 18. Kxf2 Qc5+ 19. Ke2 Qg1 20. Rb1
Qxg2+ 21. Kd1 Qf1+ 22. Kc2 Qd3+ 23. Kb2 a6 24. Ka2 Qd6 25. Nb5 Qd5+ 26. Ka1
Qe5+ 27. Ka2 Kb8 28. Nc3 Qe6+ 29. Ka1 Rhd8 30. Qb4 Qc6 31. Qa5 g6 32. Na2 Rd5
33. Nb4 Qf6+ 34. Bb2 Rxa5 35. Bxf6 Rd6 36. Be7 Re6 37. Ka2 Kc8 38. Bg5 Rc5 39.
Be3 Rc4 40. Rb3 b5 41. Nd5 Rd6 42. Nc3 Rd3 43. Bf4 e3 0-1

[Event "Reykjavik Open 2015"]
[Site "Reykjavik, "]
[Date "2015.03.17"]
[Round "9.126"]
[White "Finnsson, Johann Arnar"]
[Black "Lemery, Jon Thor"]
[Result "1-0"]
[WhiteElo "1491"]
[BlackElo "1273"]
[PlyCount "107"]
[EventDate "2015.03.10"]

1. e4 e5 2. Nf3 Nc6 3. Bb5 a6 4. Ba4 b5 5. Bb3 Nf6 6. O-O Bc5 7. c3 O-O 8. d4
Bb6 9. Bg5 Re8 10. Bd5 Ra7 11. Qb3 Na5 12. Qc2 d6 13. b4 Nc4 14. Nbd2 Be6 15.
Bxe6 fxe6 16. Nxc4 bxc4 17. dxe5 dxe5 18. Nxe5 Qd6 19. Nxc4 Qc6 20. Bxf6 gxf6
21. Nxb6 cxb6 22. Rfd1 Rg7 23. f3 Rf8 24. Qd3 b5 25. Rac1 Kh8 26. Qd6 Qa8 27.
Qxe6 Qa7+ 28. Rd4 Rgg8 29. Rcd1 Qg7 30. R1d2 Qg5 31. R4d3 h5 32. Qf5 Qh6 33.
Kf2 Rg5 34. Qh3 Rg7 35. Rd5 Rh7 36. Qe6 Rg7 37. Qxa6 h4 38. Qxb5 f5 39. exf5
Qg5 40. Kf1 Qf4 41. f6 Rh7 42. Rd8 Qxf6 43. Rxf8+ Qxf8 44. Qe5+ Rg7 45. Qh5+
Rh7 46. Qg5 Re7 47. Qxh4+ Kg8 48. Qg5+ Kh7 49. Rd5 Kh8 50. Rf5 Qd8 51. Qh6+ Kg8
52. Rg5+ Kf7 53. Rg7+ Ke8 54. Rg8+ 1-0